00801nam a22002417a 45000010005000000030006000050050017000110080041000280200018000690400030000870500017001170820012001341000021001462450082001672600050002493000053002995050008003525200079003605210020004395210020004596500040004797000040005197712FISKH20250815163102.0250731b cb ||||| |||| 00| 0 eng d a9780395453575 aFISKHbeng cFISKHdFISKH aPZ7.H31115 J a823.914 aHavill, Juanita  aJamaica's find / cBy Juanita Havill : Illustrations by Anne Sibley O'Brien  aBoston : bHoughton Mifflin Company , c1986. a32 pages : bcolor illustrations ;c20 x23 cm .  aJ  aA little girl finds a stuffed dog in the park and decides to take it home.8 a460 bLexile 8 aJ bRaz-Plus  aLost and found possessionsvFiction aO'Brien , Anne SibleyeIllustrator